000 01725naa a22003257a 4500
001 BR8707768
003 BR-BrBNA
005 20250721154534.0
007 ta
008 250630b bl.|||m| |||| 00| 0 por d
040 _aBR-BrBNA
_bpor
_cBiblioteca Nacional de Agricultura
041 _a(Pt)
072 _aF30
_b0316
_bG514
090 _aF30 BR8707768
100 1 _aFrazao, J.M.F.
100 1 _aCoradim, L.
111 1 _a4. Seminario de Pesquisa Agropecuaria do Piaui
_cTeresina, PI (Brazil)
_d1986
245 1 _aColeta, avaliacao e caracterizacao de germoplasma das especies do complexo Orbignya - Attalea
246 1 _a[Collect valluation and characterization of germplasm of the species of Orignya - Attalea complex]
246 1 _a[Annals of the 4th Seminary on Agricultural and Zootechnic research of Piaui: Piaui and agricultural development, generation of tecnology, irrigation policy and alternative agriculture]
500 _aAnais do 4. Seminario de Pesquisa Agropecuaria do Piaui: Piaui e desenvolvimento agricola, geracao de tecnologia, politica de irrigacao e agricultura alternativa Teresina, PI (Brasil): 1986. p. 143-160 [10 illus.; Summary (Pt)] (BR8707768-AMS)
773 0 _tAnais do 4. Seminario de Pesquisa Agropecuaria do Piaui: Piaui e desenvolvimento agricola, geracao de tecnologia, politica de irrigacao e agricultura alternativa
_wF30 BR8707768
_gTeresina, PI (Brasil), 1986. p. 143-160
650 _aBABACU
650 _aBANCO DE GERMOPLASMA
650 _aMELHORAMENTO GENETICO VEGETAL
650 _aPIAUI
490 _aDocumentos - Unidade de Execucao de Pesquisa de Ambito Estadual de Teresina (Brazil)
_vno. 6
942 _cAMS
_2AGRIS
909 _a202506
_bLúcia
_c55
_dLúcia Elande
999 _c335492
_d335492